000 00760cab a2200229 4500
001 WB3417-20
008 090401t1998 xxu||||| |||| 00| 0 eng d
035 _a(Sirsi) u86110
041 _aeng
245 _aBe prepared for the Euro
260 _c1998
350 _a0
490 _aDTI Press Notice
_v(P/98/347) 5 May 1998
490 _aThe week in Europe
_v7 May 1998, (3)
520 _aA series of events are to be held around the country to discuss how businesses can prepare for the single currency. The euro website can be accessed at http://www.euro.gov.uk or http://europa.eu.int/euro/
650 _aEURO
650 _aINTERNET ADDRESSES
650 _aSINGLE CURRENCY
690 _aEUROPE-SINGLE MARKET
942 _n0
948 _c08/05/1998
999 _c54175
_d54175